Southville International School and Colleges
Your cart is empty.
  • Cart
  • Lists
    Public lists Eva Luna New books Lux_list list_1
    Your lists Log in to create your own lists
  • Log in to your account
  • Your cookies
  • Search history
Southville International School and Colleges
  • Advanced search
  • Recent comments
  • Most popular
  • Libraries

Log in to your account

Log in with GOOGLE


If you do not have an external account, but do have a local account, you can still log in:

  1. Home
  2. MARC view: Made in Japan :
Normal view MARC view ISBD view

Made in Japan : (Record no. 9625)

[ view plain ]
MARC details
000 -LEADER
fixed length control field 01064pam a2200337 a 4500
001 - CONTROL NUMBER
control field 1932872
003 - CONTROL NUMBER IDENTIFIER
control field SISC
005 - DATE AND TIME OF LATEST TRANSACTION
control field 20160406092211.0
008 - FIXED-LENGTH DATA ELEMENTS--GENERAL INFORMATION
fixed length control field 860429s1986 nyuaf 000 0beng
010 ## - LIBRARY OF CONGRESS CONTROL NUMBER
LC control number 86011479
020 ## - INTERNATIONAL STANDARD BOOK NUMBER
International Standard Book Number 9780006372349
040 ## - CATALOGING SOURCE
Original cataloging agency DLC
Transcribing agency DLC
Modifying agency DLC
043 ## - GEOGRAPHIC AREA CODE
Geographic area code a-ja---
050 00 - LIBRARY OF CONGRESS CALL NUMBER
Classification number HD 9696.A3
Item number .M862 1987
082 00 - DEWEY DECIMAL CLASSIFICATION NUMBER
Classification number HS 658.8
Item number M82 1987
100 1# - MAIN ENTRY--PERSONAL NAME
Personal name Morita, Akio,
Dates associated with a name 1921-1999.
9 (RLIN) 14401
245 10 - TITLE STATEMENT
Title Made in Japan :
Remainder of title Akio Morita and Sony /
Statement of responsibility, etc Akio Morita with Edwin M. Reingold and Mitsuko Shimomura.
250 ## - EDITION STATEMENT
Edition statement 1st ed.
260 ## - PUBLICATION, DISTRIBUTION, ETC. (IMPRINT)
Place of publication, distribution, etc New York :
Name of publisher, distributor, etc Dutton,
Date of publication, distribution, etc c1987.
300 ## - PHYSICAL DESCRIPTION
Extent 309 p. :
Other physical details ill. ;
Dimensions 18 cm.
526 ## - STUDY PROGRAM INFORMATION NOTE
Reading level
600 10 - SUBJECT ADDED ENTRY--PERSONAL NAME
Personal name Morita, Akio,
Dates associated with a name 1921-
9 (RLIN) 14402
610 20 - SUBJECT ADDED ENTRY--CORPORATE NAME
Corporate name or jurisdiction name as entry element Sonī Kabushiki Kaisha
General subdivision History.
9 (RLIN) 14403
650 #0 - SUBJECT ADDED ENTRY--TOPICAL TERM
Topical term or geographic name as entry element Industrialists
Geographic subdivision Japan
General subdivision Biography.
9 (RLIN) 14404
650 #0 - SUBJECT ADDED ENTRY--TOPICAL TERM
Topical term or geographic name as entry element Electronic industries
Geographic subdivision Japan
General subdivision History.
9 (RLIN) 14405
700 1# - ADDED ENTRY--PERSONAL NAME
Personal name Reingold, Edwin M.
9 (RLIN) 14406
700 1# - ADDED ENTRY--PERSONAL NAME
Personal name Shimomura, Mitsuko,
Dates associated with a name 1938-
9 (RLIN) 14407
906 ## - LOCAL DATA ELEMENT F, LDF (RLIN)
a 7
b cbc
c orignew
d 1
e ocip
f 19
g y-gencatlg
942 ## - ADDED ENTRY ELEMENTS (KOHA)
Source of classification or shelving scheme Library of Congress Classification
Koha item type Books
Holdings
Withdrawn status Lost status Source of classification or shelving scheme Damaged status Home library Current library Shelving location Date acquired Total Checkouts Full call number Barcode Date last seen Copy number Price effective from Koha item type
    Library of Congress Classification   Luxembourg Library Luxembourg Library High School Section 08/28/2013   HD 9696.A3 .M862 1987 7118 04/06/2016 1 08/28/2013 Books

Made in Japan :

APA

Morita A., Reingold E. M. & Shimomura M. (1987). Made in Japan. New York: Dutton.

Chicago

Morita Akio, Reingold Edwin M and Shimomura Mitsuko. 1987. Made in Japan. New York: Dutton.

Harvard

Morita A., Reingold E. M. and Shimomura M. (1987). Made in Japan. New York: Dutton.

MLA

Morita Akio, Reingold Edwin M and Shimomura Mitsuko. Made in Japan. New York: Dutton. 1987.

  • Place hold
  • Print
  • Cite
  • Add to your cart (remove)
  • Save record
    BIBTEX Dublin Core MARCXML MARC (non-Unicode/MARC-8) MARC (Unicode/UTF-8) MARC (Unicode/UTF-8, Standard) MODS (XML) RIS
  • More searches
    Search for this title in:
    Other Libraries (WorldCat) Other Databases (Google Scholar) Online Stores (Bookfinder.com) Open Library (openlibrary.org)

Exporting to Dublin Core...

SOUTHVILLE LIBRARY

Southville International School and Colleges Library

1281 Tropical Ave. Cor. Luxembourg St., BF Homes International, Las Pinas City

Tel. No. 8256374 / 252358 Loc. 117/146

Powered by Koha